<?xml version="1.0" encoding="UTF-8"?>
<marc:record xmlns:marc="http://www.loc.gov/MARC21/slim">
   <marc:leader>00000nam a2200000 a 4500</marc:leader>
   <marc:datafield ind1="1" ind2=" " tag="100">
      <marc:subfield code="a">Sendker, Jan-Phillip</marc:subfield>
      <marc:subfield code="4">aut</marc:subfield>
      <marc:subfield code="e">Verfasser/-in</marc:subfield>
   </marc:datafield>
   <marc:datafield ind1="0" ind2="0" tag="245">
      <marc:subfield code="a">Das Gedächtnis des Herzens </marc:subfield>
   </marc:datafield>
   <marc:datafield ind1=" " ind2="1" tag="264">
      <marc:subfield code="b">Blessing</marc:subfield>
      <marc:subfield code="c">2019</marc:subfield>
   </marc:datafield>
   <marc:datafield ind1="1" ind2=" " tag="520">
      <marc:subfield code="a">Der zwölfjährige Ko Bo Bo lebt bei seinem Onkel U Ba in Kalaw, einem Ort in Burma. Er ist ein Kind mit einer ungewöhnlichen Gabe: Bo Bo kann die Gefühle der Menschen in ihren Augen lesen. Sein Vater kommt ihn einmal im Jahr besuchen, an seine Mutter kann er sich kaum erinnern.</marc:subfield>
   </marc:datafield>
   <marc:datafield ind1=" " ind2=" " tag="020">
      <marc:subfield code="a">9783896675026</marc:subfield>
      <marc:subfield code="9">9783896675026</marc:subfield>
   </marc:datafield>
</marc:record>
